Business Analytics (Record no. 13195)

MARC details
000 -LEADER
fixed length control field 00482nam a22002057a 4500
003 - CONTROL NUMBER IDENTIFIER
control field OSt
008 - FIXED-LENGTH DATA ELEMENTS--GENERAL INFORMATION
fixed length control field 250401b |||||||| |||| 00| 0 eng d
020 ## - INTERNATIONAL STANDARD BOOK NUMBER
International Standard Book Number 9789360533533
082 ## - DEWEY DECIMAL CLASSIFICATION NUMBER
Classification number 658.401 CAB
100 ## - MAIN ENTRY--PERSONAL NAME
Personal name CAMM,Jeffrey D
245 ## - TITLE STATEMENT
Title Business Analytics
250 ## - EDITION STATEMENT
Edition statement -
260 ## - PUBLICATION, DISTRIBUTION, ETC. (IMPRINT)
Place of publication, distribution, etc New Delhi
Name of publisher, distributor, etc Cengage
Date of publication, distribution, etc 2023
300 ## - PHYSICAL DESCRIPTION
Extent 850
650 ## - SUBJECT ADDED ENTRY--TOPICAL TERM
Topical term or geographic name as entry element Business Analytics
700 ## - ADDED ENTRY--PERSONAL NAME
Personal name COCHRAN,James J
700 ## - ADDED ENTRY--PERSONAL NAME
Personal name FRY,Michael J
700 ## - ADDED ENTRY--PERSONAL NAME
Personal name OHIMANN,Jeffery W
942 ## - ADDED ENTRY ELEMENTS (KOHA)
Source of classification or shelving scheme Dewey Decimal Classification
Koha item type Text Books
Holdings
Withdrawn status Lost status Source of classification or shelving scheme Damaged status Not for loan Collection code Home library Current library Date acquired Source of acquisition Currency Cost, normal purchase price Bill Number Total Checkouts Full call number Acc. no. / Barcode Date last seen Actual Cost, discounted price Bill Date Koha item type Checked out Date last borrowed
    Dewey Decimal Classification     MBA PIET C-LIBRARY PIET C-LIBRARY 28/03/2025 Zaffa Books INR 1250.00 ZBD0591   658.4032 CAB 38812 01/04/2025 900.00 28/03/2025 Reference Books    
    Dewey Decimal Classification     MBA PIET C-LIBRARY PIET C-LIBRARY 28/03/2025 Zaffa Books INR 1250.00 ZBD0591 1 658.4032 CAB 38813 08/12/2025 900.00 28/03/2025 Text Books 26/06/2026 08/12/2025

Design & Developed by: PIET Central Library
R70 Miles Stone Pattikalyana Samalkha Panipat 132102
mail ID :- [email protected], Phone No:- 0180-2569700 Ex.216